000 00580nam a2200193Ia 4500
005 20250326140802.0
008 250326s9999 xx 000 0 und d
020 _a0-471-04220-X
037 _aTextbook
040 _aFMSL
_beng
_cFMSL
041 _aeng
_2eng
084 _aX:512 N5;1
_qFMSL
100 _aUsphaw L B
_9743047
245 0 _aBuilding brand identity: A strategy for success in a hostile marketplace
_cUsphaw L B
260 _aNew York
_bNew York, John Wiley & Sons
_c1995
300 _a354p
942 _cTB
_hX:512 N5;1
999 _c1287278
_d1287278